Introduction to ecology (Record no. 13057)

000 -LEADER
fixed length control field 00344pam a2200145 4500
020 ## - INTERNATIONAL STANDARD BOOK NUMBER
ISBN 0471164984
040 ## - CATALOGING SOURCE
Transcribing agency DLC
082 00 - DEWEY DECIMAL CLASSIFICATION NUMBER
Classification number 574 WIL 1973 A028 Or.
100 1# - MAIN ENTRY--AUTHOR NAME
Personal name Colinvaux, Paul A.,
245 10 - TITLE STATEMENT
Title Introduction to ecology
260 ## - PUBLICATION, DISTRIBUTION, ETC. (IMPRINT)
Place of publication New York,
Name of publisher Wiley
Year of publication [1973]
300 ## - PHYSICAL DESCRIPTION
Number of Pages ix, 621 p.
Other physical details illus.
Dimensions 26 cm.
650 #0 - SUBJECT ADDED ENTRY--TOPICAL TERM
Topical Term Ecology.
942 ## - ADDED ENTRY ELEMENTS (KOHA)
Koha item type សៀវភៅភាសាអង់គ្លេស
952 ## - LOCATION AND ITEM INFORMATION (KOHA)
Withdrawn status [LOCAL, KOHA] 0
Holdings
Permanent Location Date acquired Koha item type Lost status Shelving location Barcode Current Location Full call number
Library Block A2017-08-19សៀវភៅភាសាអង់គ្លេស A013A19792Library Block A574 WIL 1973 A028 Or.
មជ្ឈមណ្ឌលឯការនៃសាកលវិទ្យាល័យភូមិន្ទកសិកម្មចំការដូង

Powered by Koha